000
00349nam a2200133Ia 4500
008
100328s9999 xx 000 0 und d
082
_b
29284
100
_a
आपटे ह.ना.
245
_a
कर्मयोग
260
_b
आर्यभूषण
630
_a
कर्मयोग
730
_a
कर्मयोग
942
_c
BOOK
999
_c
520326
_d
520323